Toutes les attaques de Pokémon - Statistiques

Statistiques générales
  • Ce quiz a été pris 7 fois
  • Le résultat moyen est 13 sur 495
Statistiques - réponses
Types Attaques % Correct
Normal Abri
57%
Électrique Éclair
57%
Feu Flammèche
57%
Normal Griffe
57%
Normal Charge
43%
Spectre Ball’Ombre
29%
Combat Casse-Brique
29%
Normal Coupe
29%
Dragon Draco-Griffe
29%
Dragon Draco-Météore
29%
Normal Écras’Face
29%
Spectre Griffe Ombre
29%
Feu Nitrocharge
29%
Sol Abîme
14%
Ténèbres Aboiement
14%
Roche Anti-air
14%
Ténèbres Assurance
14%
Vol Atterrissage
14%
Normal Attraction
14%
Normal Bâillement
14%
Combat Balayette
14%
Normal Bélier
14%
Feu Boutefeu
14%
Eau Bulles d’O
14%
Électrique Cage Éclair
14%
Psy Choc Mental
14%
Normal Clonage
14%
Combat Close Combat
14%
Dragon Colère
14%
Normal Combo-Griffe
14%
Ténèbres Coup Bas
14%
Normal Coup d’Boule
14%
Dragon Danse Draco
14%
Feu Danse Flamme
14%
Eau Danse Pluie
14%
Poison Dard-Venin
14%
Feu Déflagration
14%
Insecte Demi-Tour
14%
Combat Détection
14%
Combat Double Pied
14%
Vol Draco-Ascension
14%
Dragon Draco-Charge
14%
Dragon Draco-Choc
14%
Dragon Draco-Souffle
14%
Roche Éboulement
14%
Combat Éclate-Roc
14%
Normal Écrasement
14%
Insecte Escarmouche
14%
Psy Extrasenseur
14%
Feu Feu Follet
14%
Normal Force
14%
Électrique Frotte-Frimousse
14%
Acier Griffe Acier
14%
Eau Hydrocanon
14%
Psy Hypnose
14%
Feu Lance-Flammes
14%
Plante Lance-Soleil
14%
Glace Laser Glace
14%
Ténèbres Morsure
14%
Psy Mur Lumière
14%
Spectre Onde Folie
14%
Insecte Papillodanse
14%
Vol Picpic
14%
Sol Piétisol
14%
Eau Pistolet à O
14%
Électrique Poing Éclair
14%
Feu Poing Feu
14%
Glace Poing Glace
14%
Dragon Abattage
0%
Poison Acidarmure
0%
Poison Acide
0%
Plante Acide malique
0%
Vol Acrobatie
0%
Normal Acupression
0%
Acier Aegis Maxima
0%
Vol Aéroblast
0%
Vol Aéropique
0%
Ténèbres Aiguisage
0%
Acier Ailes d’Acier
0%
Psy Ailes psycho
0%
Eau Aire d’Eau
0%
Feu Aire de Feu
0%
Plante Aire d’Herbe
0%
Ténèbres À la queue
0%
Sol Amass’Sable
0%
Psy Amnésie
0%
Eau Anneau hydro
0%
Vol Anti-brume
0%
Insecte Appel attaque
0%
Insecte Appel défense
0%
Normal Après vous
0%
Eau Aqua-brèche
0%
Eau Aqua-jet
0%
Eau Aquatacle
0%
Eau Aria de l’Écume
0%
Normal Armure
0%
Ténèbres Arrogance
0%
Sol Assaut Frontal
0%
Psy Astuce Force
0%
Combat Aurasphère
0%
Normal Aurore
0%
Glace Avalanche
0%
Normal Avale
0%
Poison Bain de Smog
0%
Normal Balance
0%
Combat Balayage
0%
Psy Ball’Brume
0%
Plante Balle Graine
0%
Normal Ball’Météo
0%
Feu Ballon Brûlant
0%
Normal Bang Sonique
0%
Normal Barrage
0%
Ténèbres Baston
0%
Vol Bec-Canon
0%
Vol Bec Vrille
0%
Normal Berceuse
0%
Combat Big Splash
0%
Glace Bise Glaciaire
0%
Normal Blabla Dodo
0%
Glace Blizzard
0%
Poison Blockhaus
0%
Normal Bluff
0%
Poison Bombe Acide
0%
Plante Bombe au Sirop
0%
Poison Bombe Beurk
0%
Insecte Bond
0%
Normal Boost
0%
Plante Botte Sucrette
0%
Normal Boul’Armure
0%
Électrique Boule Élek
0%
Plante Boule Pollen
0%
Roche Boule Roc
0%
Insecte Bourdon
0%
Normal Brouhaha
0%
Normal Brouillard
0%
Glace Brume
0%
Fée Brume Capiteuse
0%
Glace Buée Noire
0%
Normal Cadeau
0%
Feu Calcination
0%
Fée Câlinerie
0%
Normal Camaraderie
0%
Feu Canicule
0%
Feu Canon Blindé
0%
Dragon Canon Dynamax
0%
Fée Canon Floral
0%
Plante Canon Graine
0%
Eau Cascade
0%
Ténèbres Cataclysme
0%
Sol Cavalerie Lourde
0%
Normal Célébration
0%
Ténèbres Cent Rancunes
0%
Ténèbres Centrifugifle
0%
Poison Chaîne Malsaine
0%
Fée Champ brumeux
0%
Électrique Champ Électrifié
0%
Plante Champ Herbu
0%
Normal Champlification
0%
Psy Champ Psychique
0%
Normal Change-Côté
0%
Électrique Change-Éclair
0%
Acier Change-Vitesse
0%
Normal Chant Antique
0%
Normal Chant Canon
0%
Feu Chant Flamboyant
0%
Électrique Charge Foudre
0%
Dragon Charge Glaive
0%
Sol Charge Os
0%
Électrique Chargeur
0%
Fée Charme
0%
Spectre Châtiment
0%
Normal Chatouille
0%
Fée Choc Émotionnel
0%
Acier Choc Météore
0%
Psy Choc Psy
0%
Poison Choc Venin
0%
Glace Chute de Neige
0%
Glace Chute Glace
0%
Combat Coaching
0%
Spectre Cœur de Rancoeur
0%
Combat Cogne
0%
Normal Cognobidon
0%
Normal Confidence
0%
Combat Contre
0%
Normal Conversion
0%
Normal Conversion 2
0%
Normal Copie
0%
Normal Copie-Type
0%
Eau Coqui-Lame
0%
Spectre Cortège Funèbre
0%
Plante Cotogarde
0%
Sol Coud’Boue
0%
Combat Coup Croix
0%
Électrique Coup d’Jus
0%
Normal Coup d’Main
0%
Normal Coup Double
0%
Psy Coupe Psycho
0%
Combat Coup Fulgurant
0%
Feu Coup Victoire
0%
Poison Cradovague
0%
Feu Crash Brûlant
0%
Fée Crash Magique
0%
Combat Crash Musclé
0%
Ténèbres Crash Obscur
0%
Poison Crash Toxique
0%
Dragon Cri Draconique
0%
Normal Croc Fatal
0%
Poison Crochet Venin
0%
Ténèbres Croco Larme
0%
Électrique Crocs Éclair
0%
Feu Crocs Feu
0%
Glace Crocs Givre
0%
Normal Croissance
0%
Ténèbres Croque Fort
0%
Vol Cru-Ailes
0%
Glace Cryo-Pirouette
0%
Normal Cyclone
0%
Normal Damoclès
0%
Eau Danse Aquatique
0%
Feu Danse du Feu
0%
Normal Danse Éveil
0%
Plante Danse Fleurs
0%
Normal Danse Folle
0%
Normal Danse Lames
0%
Psy Danse Lune
0%
Vol Danse Plumes
0%
Combat Danse Victoire
0%
Insecte Dard Mortel
0%
Insecte Dard-Nuée
0%
Ténèbres Dark Lariat
0%
Normal Décalquage
0%
Normal Décharnement
0%
Ténèbres Dégommage
0%
Spectre Dépit
0%
Acier Dérapage
0%
Ténèbres Dernier Mot
0%
Normal Dernier Recours
0%
Plante Désherbaffe
0%
Normal Destruction
0%
Eau Détrempage
0%
Poison Détricanon
0%
Poison Détritus
0%
Psy Dévorêve
0%
Poison Direct Toxik
0%
Psy Dissonance Psy
0%
Psy Distorsion
0%
Électrique Double Décharge
0%
Psy Double Laser
0%
Vol Double Volée
0%
Eau Douche Froide
0%
Fée Doux Baiser
0%
Normal Doux Parfum
0%
Dragon Dracacophonie
0%
Dragon Draco-Énergie
0%
Dragon Draco-Flèches
0%
Dragon Draco-Marteau
0%
Dragon Draco-Queue
0%
Combat Dynamo-Poing
0%
Eau Eau Revoir
0%
Feu Ébullilave
0%
Eau Ébullition
0%
Psy Échange
0%
Normal Échange Force
0%
Normal Écho
0%
Électrique Éclair Croix
0%
Électrique Éclair Fou
0%
Glace Éclair Gelé
0%
Normal Éclate Griffe
0%
Fée Éclat Magique
0%
Glace Éclats Glace
0%
Spectre Éclat Spectral
0%
Normal E-Coque
0%
Plante Éco-Sphère
0%
Normal Effort
0%
Électrique Élecanon
0%
Électrique Électacle
0%
Électrique Électrikipik
0%
Normal Empal’Korne
0%
Normal Encore
0%
Plante Encornebois
0%
Poison Enroulement
0%
Normal Entrave
0%
Glace Ère Glaciaire
0%
Poison Éructation
0%
Feu Éruption
0%
Spectre Esprit Frappeur
0%
Acier Estocorne
0%
Électrique Étincelle
0%
Spectre Étonnement
0%
Normal Étreinte
0%
Normal Étrennes
0%
Ténèbres Exécu-Son
0%
Fée Explo-Brume
0%
Combat Exploforce
0%
Ténèbres Explonuit
0%
Normal Explosion
0%
Psy Extravaillance
0%
Normal Exuviation
0%
Normal Façade
0%
Électrique Fatal-Foudre
0%
Normal Faux-Chage
0%
Feu Feu d’Enfer
0%
Feu Feu Ensorcelé
0%
Feu Feu Envieux
0%
Glace Feu Glacé
0%
Plante Feuillage
0%
Plante Feuille Magik
0%
Feu Feu Sacré
0%
Poison Fil Toxique
0%
Feu Flamme Bleue
0%
Feu Flamme Croix
0%
Feu Flamme Ultime
0%
Ténèbres Flatterie
0%
Combat Flying Press
0%
Eau Fontaine de Vie
0%
Psy Force Ajoutée
0%
Psy Force Cosmique
0%
Plante Force G
0%
Psy Force Mystique
0%
Normal Force Poigne
0%
Combat Forte-Paume
0%
Feu Fouet de Feu
0%
Plante Fouet Lianes
0%
Ténèbres Fourbette
0%
Roche Fracass’Tête
0%
Combat Frappe Atlas
0%
Psy Frappe Psy
0%
Électrique Fulgurayon
0%
Acier Fulmifer
0%
Plante Fulmigraine
0%
Ténèbres Fureur Ardente
0%
Normal Furie
0%
Insecte Furie-Bond
0%
Ténèbres Furie Dimension
0%
Normal Garde-à-Joues
0%
Roche Garde Large
0%
Poison Gaz Corrosif
0%
Poison Gaz Toxik
0%
Ténèbres Génusection
0%
Eau Giclédo
0%
Normal Giga Impact
0%
Plante Giga-Sangsue
0%
Normal Gigotage
0%
Glace Glaciation
0%
Acier Gladius Maximus
0%
Normal Glas de Soin
0%
Plante Gliss’Herbe
0%
Combat Gonflette
0%
Roche Goudronnage
0%
Feu Grand Courroux
0%
Normal Grand Nettoyage
0%
Psy Gravité
0%
Normal Gribouille
0%
Poison Griffes Funestes
0%
Normal Grimace
0%
Normal Grincement
0%
Normal Grondement
0%
Normal Groz’Yeux
0%
Normal Guillotine
0%
Acier Gyroballe
0%
Plante Habanerage
0%
Roche Hache de Pierre
0%
Spectre Hantise
0%
Insecte Harcèlement
0%
Psy Hâte
0%
Plante Herblast
0%
Spectre Hommage Posthume
0%
Normal Hurlement
0%
Dragon Hurle-Temps
0%
Eau Hydroblast
0%
Eau Hydro-Queue
0%
Eau Hydrovapeur
0%
Normal Hyperceuse
0%
Psy Imitation
0%
Normal Implore
0%
Feu Indignition
0%
Psy Interversion
0%
Normal Jackpot
0%
Sol Jet de Sable
0%
Eau Jet de Vapeur
0%
Roche Jet-Pierres
0%
Normal Jugement
0%
Poison Kokiyarme
0%
Normal Koud’Korne
0%
Normal Lait à Boire
0%
Vol Lame d’Air
0%
Roche Lame de Roc
0%
Feu Lame en Peine
0%
Plante Lame Feuille
0%
Combat Lame Ointe
0%
Sol Lame Pangéenne
0%
Psy Lame Psychique
0%
Roche Lame Puissante
0%
Combat Lame Sainte
0%
Plante Lame Solaire
0%
Acier Lame Tachyonique
0%
Glace Lance de Glace
0%
Ténèbres Larcin
0%
Normal Larme à l’Oeil
0%
Dragon Laser Hasard
0%
Roche Laser Météore
0%
Psy Laser Prime
0%
Spectre Léchouille
0%
Spectre Lien du Destin
0%
Normal Ligotage
0%
Normal Lilliput
0%
Psy Lumi-Éclat
0%
Acier Luminocanon
0%
Psy Lumino-Impact
0%
Insecte Lumi-Queue
0%
Normal Lune Rouge
0%
Normal Lutte
0%
Glace Lyophilisation
0%
Ténèbres Machination
0%
Ténèbres Mâchouille
0%
Combat Mach Punch
0%
Plante Magie Florale
0%
Électrique Magné-Contrôle
0%
Normal Mains Jointes
0%
Spectre Malédiction
0%
Plante Maléfice Sylvain
0%
Normal Mania
0%
Glace Marteau de Glace
0%
Acier Marteau Mastoc
0%
Plante Martobois
0%
Combat Marto-Poing
0%
Plante Massure Liane
0%
Insecte Mégacorne
0%
Plante Mégafouet
0%
Normal Mégaphone
0%
Plante Méga-Sangsue
0%
Acier Métalaser
0%
Acier Métalliroue
0%
Normal Météores
0%
Normal Métronome
0%
Normal Mimi-Queue
0%
Combat Mitra-Poing
0%
Électrique Monte-Tension
0%
Normal Morphing
0%
Plante Mortier Matcha
0%
Poison Multitoxik
0%
Acier Mur de Fer
0%
Acier Mur Fumigène
0%
Fée Nappage
0%
Glace Neigeux de Mots
0%
Combat Nitro Crash
0%
Plante Noeud Herbe
0%
Eau Ocroupi
0%
Spectre Ombre Nocturne
0%
Spectre Ombre Portée
0%
Glace Onde Boréale
0%
Électrique Onde de Choc
0%
Eau Onde Originelle
0%
Électrique Ondes Étranges
0%
Combat Onde Vide
0%
Roche Orage Adamantin
0%
Dragon Ouragan
0%
Électrique Overdrive
0%
Électrique Parabocharge
0%
Plante Para-Spore
0%
Normal Paresse
0%
Normal Par Ici
0%
Psy Partage Force
0%
Psy Partage Garde
0%
Ténèbres Passe-Passe
0%
Psy Permucoeur
0%
Psy Permuforce
0%
Psy Permugarde
0%
Psy Permuvitesse
0%
Normal Photocopie
0%
Psy Photo-Geyser
0%
Plante Pico-Défense
0%
Vol Picore
0%
Sol Picots
0%
Poison Pics Toxik
0%
Feu Pied Brûleur
0%
Combat Pied Voltige
0%
Insecte Piège de Fil
0%
Roche Piège de Roc
0%
Vol Pince-Masse
0%
Vol Piqué
0%
Insecte Piqûre
0%
Acier Pisto-Poing
0%
Insecte Plaie Croix
0%
Normal Plaquage
0%
Dragon Plat du Jour
0%
Psy Plénitude
0%
Eau Plongée
0%
Normal Pluie Tératrale
0%
Normal Plumo-Queue
0%
Spectre Poing de Colère
0%
Acier Poing Météore
0%
Ténèbres Poing Obscur
0%
Spectre Poing Ombre
0%
Eau Poing Sonique
0%
Aucun quiz correspondant
Distribution des résultats
% des personnes avec chaque résultat
Percentile par nombre de réponses
Votre historique - résultats
Vous n’avez pas pris ce quiz